Alle Länder unter dem Mongolischen Reich - Statistiken

Allgemein
  • Dieses Quiz wurde 58 mal gespielt
  • Das Durchschnittsergebnis liegt bei 29 aus 32
Antwortstatistiken
Buchstabe Land % Korrekt
C China
98%
J Japan
98%
R Russland
98%
I Irak
94%
I Iran
94%
M Mongolei
94%
T Türkei
94%
T Turkmenistan
94%
V Vietnam
94%
A Armenien
93%
A Aserbaidschan
93%
G Georgien
93%
K Kasachstan
93%
K Kirgisistan
93%
L Laos
93%
P Pakistan
93%
T Tadschikistan
93%
I Indien
91%
S Südkorea
91%
U Usbekistan
91%
N Nepal
89%
N Nordkorea
89%
B Belarus
87%
B Bhutan
87%
M Myanmar
87%
U Ukraine
87%
A Afghanistan
85%
P Polen
85%
S Syrien
83%
R Rumänien
80%
B Bulgarien
76%
M Moldau
56%
Keine übereinstimmenden Quizze gefunden
Verteilung der Resultate
Anzahl Personen mit jedem Resultat
Perzentil nach korrekt beantworteten Fragen
Ihre Resultats-Entwicklung
Sie haben dieses Quiz noch nicht gespielt